Random 5 questions - General Knowledge - Statistics

General Stats
  • This quiz has been taken 460 times
    203 since last reset
  • The average score is 4 of 5
Answer Stats
Question Answer % Correct
Atomic number of Hydrogen 1
100%
25% of 4 1
100%
25+75 100
100%
85+15 100
100%
33/3 11
100%
1+10+100 111
100%
3+4+5 12
100%
11*11 121
100%
Number of months with 28 days 12 months
100%
80% of 200 160
100%
9+10 19
100%
26 years from 2025 1999 or 2051
100%
Nearest leap year to 2087 2088
100%
50% of 50 25
100%
9-6 3
100%
2 ^ 5 32
100%
36/9 4
100%
If a person works 12 hours every week, how many hours will they work in a month? 48
100%
The 3rd prime number 5
100%
If 1 dollar is doubled everyday, how much is it after a week? (At Day 7) 64 dollars
100%
Number of continents in the world 7
100%
7+1 8
100%
18/2 9
100%
1+3+5 9
100%
30% of 30 9
100%
78-69 9
100%
Biggest continent in the world Asia
100%
Which sport contains the terms - Ball, Strike & Home run Baseball
100%
Sport where you must shoot the ball in the hoop Basketball
100%
Capital of China Beijing
100%
Country where French fries originated Belgium
100%
Sport where you must knock 10 pins Bowling
100%
A profession of cooking Chef
100%
Most practiced religion in the world Christianity
100%
Current US President Donald Trump
100%
Father of atomic bomb Dr. Robert J Oppenheimer
100%
If you face North and turn 270° anti-clockwise, what direction are you facing? East
100%
Most used social media app in the world (as of 2025) Facebook
100%
First US President George Washington
100%
Colour you get when Blue & Yellow are mixed Green
100%
Oldest religion in the world Hinduism
100%
The website/app on which you're taking this quiz Jetpunk
100%
Writer of the "Harry Potter" books J.K Rowling
100%
Capital of England London
100%
Superhero franchise which contains Ironman, Thor & Captain America Marvel Studios
100%
2024 F1 World Champion Max Verstappen
100%
Iron, nickel, zinc, gold, silver are examples of Metals
100%
Capital of Russia Moscow
100%
If you face East & make 7 right turns, which direction will you face? North
100%
Only country that starts from 'O' Oman
100%
Only country that starts from 'Q' Qatar
100%
Actor who played Iron Man Robert Downey Jr.
100%
Biggest country in the world Russia
100%
Space company of Elon Musk SpaceX
100%
Closest planet to Neptune Uranus
100%
Capital of USA Washington DC
100%
85-15 70
80%
35% of 100 35
75%
How many seconds are there in 15 minutes? 900
75%
Pigment that gives leaves its green colour Chlorophyll
75%
Product from bees that is consumed Honey
75%
CEO of Facebook Mark Zuckerberg
75%
World's biggest mobile company Samsung
75%
Biggest body in the Solar System Sun
75%
38+39 77
67%
Highest grossing movie of all time Avatar
67%
Most famous sport in India Cricket
67%
Most watched series of all time Game of Thrones
67%
Smallest planet in the Solar System Mercury
67%
Franchise where Tom Cruise plays Ethan Hunt Mission Impossible
67%
Last planet of the Solar System order Neptune
67%
Planet with a horizontal axis Uranus
67%
Hottest planet of the Solar System Venus
67%
8+7 15
50%
How old is Earth? 4.5 billion years
50%
3kg 500g + 5kg 500g = ? 9 kgs
50%
Capital of Australia Canberra
50%
Most populous country India
50%
Who discovered gravity? Isaac Newton
50%
India's first Prime Minister Jawaharlal Nehru
50%
Biggest planet in our Solar System Jupiter
50%
What was invented first - Matches or lighter? Lighter
50%
First woman to get 2 Nobel prizes Madam Curie/ Marie Curie
50%
Basketball legend who's also famous for a shoe with Nike Micheal Jordan
50%
Planet that floats if put in a bathtub Saturn
50%
Object that's ~99% of the Solar System's mass The Sun
50%
First human to go to space Yuri Gagarin
50%
Full form of A.I Artificial Intelligence
40%
From which not even light escapes Black hole
40%
Branch of study dealing in numbers Mathematics
40%
Current Indian Prime Minister Narendra Modi
40%
If you travel 10 minutes at 60km/hr, how much distance do you cover? 10 kilometres
33%
If a person was born in 1986, how old are they in 2025? 38 or 39
33%
Acceleration due to gravity 9.8 m/s²
33%
Superhero played by Ben Affleck, Christian Bale & Robert Pattinson Batman
33%
Biggest Indian state Rajasthan
29%
1-1 0
0%
50+50 100
0%
7+6 13
0%
50% of (50% of 100) 25
0%
365+365 730
0%
Biggest US State Alaska
0%
Baa Baa Black sheep, have you ___ ____ Any wool
0%
Time it takes for sunlight to reach earth Approx. 8 minutes
0%
Person who discovered 0 Aryabhatta
0%
Teams that play 'The Ashes' in cricket Australia & England
0%
Father of computer Charles Babbage
0%
Countries part of the 100 year war England and France
0%
What gives blood its red colour? Haemoglobin
0%
Oldest company in the world Kongō Gumi
0%
First planet of the Solar System order Mercury
0%
F1's most championship winning driver Micheal Schumacher & Lewis Hamilton
0%
Capital of India New Delhi
0%
The 118th element of the Periodic Table Oganesson
0%
A theorem for Right triangle about its sides' length Pythagoras Theorem
0%
CEO of Apple Inc. Tim Cook
0%
Capital of Japan Tokyo
0%
Full form of WWF (Symbol - panda) World Wildlife Fund
0%
No matching quizzes found
Score Distribution
Percent of People with Each Score
Percentile by Number Answered
Your Score History
You have not taken this quiz since the last reset